000 01702nam a2200265 a 4500
001 000038472
003 DO-SdBNP
005 20260321073642.0
007 ta
008 130412s1989 dr 000 0 spa d
040 _aDO-SdBNP
_bspa
_cBNPHU
082 4 _aRD863.44
_bR789n
100 1 _aRosario Candelier, Bruno,
_d1941-
_9851
245 1 3 _aLa narrativa de Juan Bosch /
_cBruno Rosario Candelier.
260 _aSanto Domingo :
_bAlfa & Omega,
_c1989.
300 _a275 p. ;
_c21 cm.
504 _aBibliografía : p. 22-26
505 0 _aPresentación --
_tDatos bio-bibliográficos de Juan Bosch --
_tSemblanzas literaria de Juan Bosch --
_tEl aspecto social en la cuentística --
_tBosch, el exilio y la literatura --
_tRecursos, actitudes y motivos narrativos --
_ttécnica y temática de una cuentística --
_tEl trasfondo sociocultural de la materia narrativa --
_tEl trasfondo formal de la materia narrativa --
_t¨La Mujer¨, un cuento criollista --
_t¨El Difunto estaba vivo¨, un relato mágico-realista --
_tLa Mañosa, una novela socio-realista --
_tEl Oro y la paz, una novela de carácter filosófico--
_tJuan Bosch, ¨La Mujer¨ y sus connotaciones --
_tMargarita Fernández : La cuentística de Juan Bosch --
_tEntrevista con Juan Bosch --
_tBruno Rosario Candelier, ¨La Mujer¨y la crítica literaria /
_rPor Juan Bosch --
_tLa literatura y la crítica literaria, por Juan Bosch --
_tConclusión.
590 _aInventariado, 2020/VM
600 1 0 _a Bosch, Juan,
_d1909-2001
_xCrítica y interpretación
_976555
650 4 _aLiteratura domincana
_xCrítica e interpretación
_933212
700 1 _a Bosch, Juan,
_d1909-2001
_976555
910 _aValidado. Control de calidad MFF
942 _2ddc
_cLBS1
999 _c37962
_d37962